[Event "Cheliabinsk Panchenko Memorial op-B"]
[Site "Cheliabinsk"]
[Date "2020.09.15"]
[Round "9"]
[White "Stepanyan, Eva"]
[Black "Karmanova, Olga Dm"]
[Result "1-0"]
[WhiteElo "2099"]
[BlackElo "1807"]
[PlyCount "71"]
[EventDate "2020.09.07"]
[EventType "swiss"]
[EventRounds "9"]
[EventCountry "RUS"]
[SourceTitle "CBM 198 Extra"]
[Source "ChessBase"]
[SourceDate "2020.11.30"]
[SourceVersion "1"]
[SourceVersionDate "2020.11.30"]
[SourceQuality "1"]

1. e4 c5 2. Nf3 a6 3. c4 e6 4. d4 cxd4 5. Nxd4 Nf6 6. Nc3 Qc7 7. Be2 b6 8. 0-0 Bb7 9. Qd3 d6 10. f4 Nbd7 11. b4 Rc8 12. Bd2 Be7 13. Rac1 Qb8 14. Rfe1 0-0 15. a3 Rfe8 16. Bf3 Bf8 17. Nb3 Qc7 18. Qe3 Qb8 19. Na4 Bc6 20. Nb2 Red8 21. Bc3 Bb7 22. Bd4 Ba8 23. e5 Bxf3 24. Qxf3 Ne8 25. Nd3 g6 26. a4 Bg7 27. a5 b5 28. c5 dxc5 29. bxc5 Nf8 30. c6 Nc7 31. Bb6 g5 32. fxg5 Ng6 33. Nbc5 Rd5 34. Nd7 Qa8 35. Rf1 Kh8 36. Qe4 1-0

[Event "Cheliabinsk Panchenko Memorial op-B"]
[Site "Cheliabinsk"]
[Date "2020.09.07"]
[Round "1"]
[White "Stepanyan, Eva"]
[Black "Namay, Viktoria"]
[Result "1-0"]
[WhiteElo "2099"]
[BlackElo "1557"]
[PlyCount "127"]
[EventDate "2020.09.07"]
[EventType "swiss"]
[EventRounds "9"]
[EventCountry "RUS"]
[SourceTitle "CBM 198 Extra"]
[Source "ChessBase"]
[SourceDate "2020.11.30"]
[SourceVersion "1"]
[SourceVersionDate "2020.11.30"]
[SourceQuality "1"]

1. e4 c6 2. d4 d5 3. Nc3 dxe4 4. Nxe4 Nd7 5. Nf3 Ngf6 6. Ng3 e6 7. Bd3 Bd6 8. 0-0 0-0 9. b3 Qc7 10. Bb2 Re8 11. Re1 e5 12. c4 b6 13. Qc2 Bb7 14. Nf5 exd4 15. Nxd6 Qxd6 16. Nxd4 c5 17. Nf5 Qf4 18. f3 Ne5 19. Be2 Ne4 20. Bxe5 Rxe5 21. Bd3 Qxf5 22. Bxe4 Bxe4 23. fxe4 Qg4 24. Rad1 Rae8 25. h3 Qh4 26. Qd3 f5 27. Qd7 fxe4 28. Qxa7 e3 29. Re2 Rf5 30. Qd7 Qe4 31. Qd3 Qf4 32. Rde1 Rfe5 33. Qd6 Qd4 34. Qxb6 Rg5 35. Qc6 Rge5 36. Rf1 Rf8 37. Rxf8+ Kxf8 38. Qf3+ Ke7 39. Kh2 Re4 40. Qg3 h5 41. Qg5+ Kf7 42. Qxh5+ g6 43. Qd5+ Kf6 44. a4 Rf4 45. Qc6+ Kg5 46. Qe6 Re4 47. Qc6 Qe5+ 48. g3 Rd4 49. Qg2 Rd3 50. a5 Qd6 51. Qe4 Qd4 52. Qe7+ Kh6 53. Qf8+ Kg5 54. h4+ Kh5 55. Qe7 Kh6 56. Qf8+ Kh7 57. Qf7+ Kh6 58. Kh3 Rd2 59. g4 g5 60. Qe6+ Kg7 61. Rxe3 Rd3 62. Qe7+ Kh8 63. Qf8+ Kh7 64. Qf5+ 1-0

[Event "Moscow op (Women) 16th"]
[Site "Moscow"]
[Date "2020.02.01"]
[Round "8"]
[White "Stepanyan, Eva"]
[Black "Shevtsova, Darya"]
[Result "0-1"]
[WhiteElo "1881"]
[BlackElo "1484"]
[PlyCount "96"]
[EventDate "2020.01.25"]
[EventType "swiss"]
[EventRounds "9"]
[EventCountry "RUS"]
[SourceTitle "CBM 194 Extra"]
[Source "ChessBase"]
[SourceDate "2020.03.31"]
[SourceVersion "1"]
[SourceVersionDate "2020.03.31"]
[SourceQuality "1"]

1. e4 c5 2. Nf3 Nc6 3. d4 cxd4 4. Nxd4 g6 5. c4 Nf6 6. Nc3 d6 7. Be2 Nxd4 8. Qxd4 Bg7 9. Be3 0-0 10. Qd2 a5 11. f3 a4 12. Rc1 Qa5 13. 0-0 Be6 14. b4 axb3 15. axb3 Qa3 16. Rb1 Nd7 17. Na4 Nc5 18. Nb6 Ra6 19. Nd5 Bxd5 20. cxd5 Rb6 21. Bc4 Rb4 22. Qc2 b5 23. Be2 Nxb3 24. Qd3 Rc8 25. Rfc1 Nxc1 26. Qxa3 Nxe2+ 27. Kf2 Rxb1 28. Qa6 Rb8 29. Kxe2 Ra1 30. Qc6 Ra2+ 31. Kf1 Bf6 32. f4 b4 33. e5 dxe5 34. Qc7 Raa8 35. fxe5 Bg7 36. Bd4 b3 37. Bb2 Re8 38. Qc3 Rab8 39. Qc5 Rbc8 40. Qb5 Rb8 41. Qc5 Rbc8 42. Qb5 Red8 43. Qxb3 Rc5 44. Ba3 Rcxd5 45. Bxe7 Rd1+ 46. Ke2 R8d2+ 47. Ke3 Bh6+ 48. Ke4 Rd4+ 0-1

[Event "Moscow op (Women) 16th"]
[Site "Moscow"]
[Date "2020.01.30"]
[Round "6"]
[White "Stepanyan, Eva"]
[Black "Maltsevskaya, Aleksandra"]
[Result "0-1"]
[WhiteElo "1881"]
[BlackElo "2318"]
[PlyCount "68"]
[EventDate "2020.01.25"]
[EventType "swiss"]
[EventRounds "9"]
[EventCountry "RUS"]
[SourceTitle "CBM 194 Extra"]
[Source "ChessBase"]
[SourceDate "2020.03.31"]
[SourceVersion "1"]
[SourceVersionDate "2020.03.31"]
[SourceQuality "1"]

1. e4 c5 2. Nf3 e6 3. d4 cxd4 4. Nxd4 Nf6 5. Nc3 Nc6 6. Ndb5 Bc5 7. Bf4 0-0 8. Bc7 Qe7 9. Bd6 Bxd6 10. Qxd6 Qd8 11. 0-0-0 Ne8 12. Qg3 a6 13. Nd6 Nxd6 14. Rxd6 b5 15. Be2 Qa5 16. Kb1 b4 17. Nd1 Qc5 18. Qd3 a5 19. Qd2 a4 20. f4 Bb7 21. Ne3 b3 22. cxb3 axb3 23. a3 Ra4 24. Rc1 Qa7 25. Rc4 Rxc4 26. Nxc4 Qg1+ 27. Qd1 Qxg2 28. Bf3 Qxh2 29. Rxd7 Ba6 30. Qxb3 Qxf4 31. Nd2 Ne5 32. Rd4 g5 33. Bd1 g4 34. Qb6 Bd3+ 0-1

[Event "Moscow op (Women) 16th"]
[Site "Moscow"]
[Date "2020.01.29"]
[Round "5"]
[White "Strukova, Ksenia"]
[Black "Stepanyan, Eva"]
[Result "0-1"]
[WhiteElo "2043"]
[BlackElo "1881"]
[PlyCount "134"]
[EventDate "2020.01.25"]
[EventType "swiss"]
[EventRounds "9"]
[EventCountry "RUS"]
[SourceTitle "CBM 194 Extra"]
[Source "ChessBase"]
[SourceDate "2020.03.31"]
[SourceVersion "1"]
[SourceVersionDate "2020.03.31"]
[SourceQuality "1"]

1. e4 c6 2. d4 d5 3. Nd2 dxe4 4. Nxe4 Bf5 5. Ng3 Bg6 6. h4 h6 7. Nf3 e6 8. h5 Bh7 9. Bd3 Bxd3 10. Qxd3 Nf6 11. Bd2 Be7 12. 0-0-0 0-0 13. Ne4 Nxe4 14. Qxe4 Qd5 15. Qxd5 cxd5 16. g4 Nc6 17. Rdg1 Rac8 18. Rg2 Kh7 19. Rhg1 Bf6 20. Be3 b5 21. Kd2 Na5 22. b3 Nb7 23. Bf4 Be7 24. g5 hxg5 25. Bxg5 Bxg5+ 26. Nxg5+ Kh8 27. Nf3 Rg8 28. Ne5 Nd6 29. f3 Kh7 30. Nd7 Nf5 31. Rg4 Rge8 32. Ne5 Rc7 33. Rc1 Rec8 34. Nd3 a5 35. c3 Kh6 36. a3 Ra7 37. Nc5 e5 38. Nd3 exd4 39. cxd4 Rxc1 40. Nxc1 Kxh5 41. Nd3 g5 42. Ne5 f6 43. Nd3 Re7 44. Nc5 Re3 45. Nd7 Kg6 46. f4 Rxb3 47. fxg5 fxg5 48. Nc5 Rxa3 49. Nd3 Kh5 50. Rg1 Nxd4 51. Rh1+ Kg6 52. Rh8 Nf3+ 53. Ke2 g4 54. Nf4+ Kf5 55. Nxd5 Nd4+ 56. Kd2 g3 57. Ne3+ Kf4 58. Rf8+ Ke5 59. Re8+ Ne6 60. Rg8 Kf4 61. Ng2+ Kf3 62. Ne1+ Kf2 63. Rg6 Nf4 64. Rf6 Ra2+ 65. Kd1 Ke3 66. Rf5 Ra1+ 67. Kc2 Rxe1 0-1

[Event "Moscow op (Women) 16th"]
[Site "Moscow"]
[Date "2020.01.28"]
[Round "4"]
[White "Stepanyan, Eva"]
[Black "Kairbekova, Amina"]
[Result "1/2-1/2"]
[WhiteElo "1881"]
[BlackElo "2046"]
[PlyCount "108"]
[EventDate "2020.01.25"]
[EventType "swiss"]
[EventRounds "9"]
[EventCountry "RUS"]
[SourceTitle "CBM 194 Extra"]
[Source "ChessBase"]
[SourceDate "2020.03.31"]
[SourceVersion "1"]
[SourceVersionDate "2020.03.31"]
[SourceQuality "1"]

1. e4 c5 2. Nf3 Nc6 3. d4 cxd4 4. Nxd4 g6 5. c4 Nf6 6. Nc3 Nxd4 7. Qxd4 d6 8. Be3 Bg7 9. f3 0-0 10. Qd2 Be6 11. Rc1 Qa5 12. b3 Rfc8 13. Nd5 Qxd2+ 14. Kxd2 Nxd5 15. exd5 Bd7 16. Bd3 b6 17. h4 Re8 18. h5 e6 19. hxg6 hxg6 20. Be4 Rac8 21. dxe6 Bxe6 22. Bf4 Red8 23. Rhd1 Be5 24. Ke3 f5 25. Bd5 Kf7 26. Rc2 Kf6 27. Bxe6 Kxe6 28. Rcd2 Rc5 29. Bxe5 Rxe5+ 30. Kf4 b5 31. Kg5 bxc4 32. bxc4 Rc5 33. Kxg6 Rg8+ 34. Kh7 Kf7 35. Rxd6 Rxg2 36. Rd7+ Ke6 37. Rxa7 Rxc4 38. Rh1 Rc3 39. a4 Rxf3 40. a5 Rff2 41. Rh6+ Ke5 42. a6 Rh2 43. Re7+ Kf4 44. a7 Rxh6+ 45. Kxh6 Ra2 46. Kh5 Kg3 47. Rg7+ Kf4 48. Rf7 Ra6 49. Rb7 Ra5 50. Rb4+ Kg3 51. Rb3+ Kf4 52. Rb4+ Ke3 53. Rb3+ Kd4 54. Rb5 Rxa7 1/2-1/2

[Event "Moscow op (Women) 16th"]
[Site "Moscow"]
[Date "2020.01.25"]
[Round "1"]
[White "Gritsayeva, Oksana"]
[Black "Stepanyan, Eva"]
[Result "1-0"]
[WhiteElo "2383"]
[BlackElo "1881"]
[PlyCount "85"]
[EventDate "2020.01.25"]
[EventType "swiss"]
[EventRounds "9"]
[EventCountry "RUS"]
[SourceTitle "CBM 194 Extra"]
[Source "ChessBase"]
[SourceDate "2020.03.31"]
[SourceVersion "1"]
[SourceVersionDate "2020.03.31"]
[SourceQuality "1"]

1. d4 Nf6 2. Nf3 d5 3. c4 e6 4. Nc3 Bb4 5. Qa4+ Nc6 6. Bg5 0-0 7. e3 Bd7 8. Qc2 h6 9. Bxf6 Qxf6 10. a3 Bxc3+ 11. Qxc3 Rfe8 12. Be2 dxc4 13. Qxc4 Rac8 14. 0-0 e5 15. d5 Ne7 16. Rfd1 Nf5 17. Rac1 c6 18. Qb4 Rb8 19. Qa5 Ne7 20. dxc6 Nxc6 21. Qc7 Bg4 22. h3 Bh5 23. g4 Bg6 24. Rd6 Rbc8 25. Qxc8 Rxc8 26. Rxf6 gxf6 27. Nh4 Rd8 28. Bb5 Rd6 29. Bxc6 Rxc6 30. Rxc6 bxc6 31. f3 Kf8 32. e4 Ke7 33. Kf2 Kd6 34. Ke3 Kc5 35. Kd3 Bh7 36. Kc3 a5 37. a4 Bg6 38. Ng2 f5 39. exf5 Bh7 40. Ne3 f6 41. Nc4 Bg8 42. Nxa5 Bd5 43. b4+ 1-0

[Event "Chigorin Memorial 27th"]
[Site "St Petersburg"]
[Date "2019.10.07"]
[Round "3"]
[White "Kvaratskheliya, Tristan"]
[Black "Stepanyan, Eva"]
[Result "1/2-1/2"]
[WhiteElo "1536"]
[BlackElo "1922"]
[PlyCount "130"]
[EventDate "2019.10.05"]
[EventType "swiss"]
[EventRounds "9"]
[EventCountry "RUS"]
[SourceTitle "EXT 2020"]
[Source "ChessBase"]
[SourceDate "2019.10.17"]
[SourceVersion "1"]
[SourceVersionDate "2019.10.17"]
[SourceQuality "1"]

1. e4 e5 2. Nf3 Nc6 3. Bb5 a6 4. Ba4 Nf6 5. 0-0 Be7 6. Re1 b5 7. Bb3 d6 8. c3 0-0 9. h3 Na5 10. Bc2 c5 11. d4 Qc7 12. Nbd2 cxd4 13. cxd4 Nc6 14. d5 Nb4 15. Bb1 a5 16. Nf1 Bd7 17. Ng3 g6 18. Be3 Rfc8 19. a3 Na6 20. Bd3 Qb7 21. Qd2 Nc5 22. Bxc5 Rxc5 23. Rac1 Rxc1 24. Rxc1 Bd8 25. Qh6 b4 26. axb4 Qxb4 27. Qd2 Qb6 28. Qc2 Rb8 29. Rb1 a4 30. Nd2 Qb4 31. Nc4 Bb5 32. Na3 Bxd3 33. Qxd3 Rc8 34. Qb5 Qd2 35. Nc4 Qd3 36. Na3 Qd4 37. Qa6 Qc5 38. Qb5 Qa7 39. Nc4 Rc5 40. Qb4 Qa6 41. Ne3 Nd7 42. Ra1 Nb6 43. b3 Bg5 44. bxa4 Bxe3 45. fxe3 Nc4 46. Rc1 Kg7 47. Kh2 h5 48. h4 Qc8 49. a5 Nxa5 50. Rxc5 Qxc5 51. Qxc5 dxc5 52. Kg1 Kf6 53. Kf2 Ke7 54. Ke2 Kd6 55. Kd3 Nb7 56. Nf1 Kc7 57. Nd2 Nd6 58. Nc4 Nxc4 59. Kxc4 Kd6 60. g3 f5 61. Kb5 c4 62. exf5 c3 63. fxg6 c2 64. g7 c1Q 65. g8Q Qc5+ 1/2-1/2

[Event "Voronezh op-B 23rd"]
[Site "Voronezh"]
[Date "2019.06.20"]
[Round "9"]
[White "Stepanyan, Eva"]
[Black "Geranichev, Mikhail"]
[Result "1-0"]
[WhiteElo "1913"]
[BlackElo "2060"]
[PlyCount "73"]
[EventDate "2019.06.12"]
[EventType "swiss"]
[EventRounds "9"]
[EventCountry "RUS"]
[SourceTitle "EXT 2020"]
[Source "ChessBase"]
[SourceDate "2019.10.17"]
[SourceVersion "1"]
[SourceVersionDate "2019.10.17"]
[SourceQuality "1"]

1. e4 e5 2. Nf3 Nc6 3. Bb5 a6 4. Ba4 Nf6 5. 0-0 Be7 6. d3 b5 7. Bb3 0-0 8. Nc3 d6 9. a3 Bg4 10. Be3 Nd4 11. Bxd4 exd4 12. Nd5 Nd7 13. h3 Bxf3 14. Qxf3 Ne5 15. Qd1 c6 16. Nf4 g6 17. Ne2 c5 18. f4 Nd7 19. Ng3 Bf6 20. Qg4 Bg7 21. h4 Rc8 22. h5 c4 23. Ba2 Nf6 24. Qe2 Qb6 25. hxg6 hxg6 26. Rf2 Qc7 27. Raf1 Rfe8 28. Qf3 Nd7 29. Qg4 Qd8 30. Ne2 Rc5 31. Rf3 Nf6 32. Qg3 Nd5 33. f5 Ne3 34. fxg6 fxg6 35. Qxg6 Rc7 36. Rf7 Rxf7 37. Rxf7 1-0

[Event "Voronezh op-B 23rd"]
[Site "Voronezh"]
[Date "2019.06.16"]
[Round "5"]
[White "Stepanyan, Eva"]
[Black "Ponomariov, Timur"]
[Result "1/2-1/2"]
[WhiteElo "1913"]
[BlackElo "2172"]
[PlyCount "127"]
[EventDate "2019.06.12"]
[EventType "swiss"]
[EventRounds "9"]
[EventCountry "RUS"]
[SourceTitle "EXT 2020"]
[Source "ChessBase"]
[SourceDate "2019.10.17"]
[SourceVersion "1"]
[SourceVersionDate "2019.10.17"]
[SourceQuality "1"]

1. e4 d6 2. d4 Nf6 3. Nc3 g6 4. Nf3 Bg7 5. Bc4 a6 6. a4 0-0 7. 0-0 Nxe4 8. Nxe4 d5 9. Bd3 dxe4 10. Bxe4 Nd7 11. c3 c5 12. Be3 cxd4 13. Bxd4 e5 14. Be3 Nf6 15. Bc2 Nd5 16. Bc5 Re8 17. Re1 b6 18. Be4 Bb7 19. Bxd5 Bxd5 20. Bxb6 Qxb6 21. Qxd5 Rad8 22. Qc4 Qxb2 23. Rab1 Qa3 24. Rb7 Re7 25. Rxe7 Qxe7 26. Qxa6 Qc5 27. c4 Rb8 28. Ng5 Rc8 29. Rc1 Bh6 30. Ne4 Qc6 31. Qxc6 Rxc6 32. Rc2 f5 33. Ng3 Ra6 34. Ra2 Kf7 35. Kf1 Ke6 36. Ke2 Kd6 37. Kd3 Kc5 38. Kc3 e4 39. a5 Bf4 40. Ne2 Be5+ 41. Kb3 Bc7 42. Rd2 Rxa5 43. Rd7 Ra7 44. Rd5+ Kb6 45. Rb5+ Kc6 46. Nd4+ Kd7 47. g3 Ra1 48. Rd5+ Kc8 49. Ne6 Ra6 50. Nxc7 Kxc7 51. Rd2 Ra1 52. Kc3 Rh1 53. h4 e3 54. Re2 exf2 55. Rxf2 Kd6 56. Rd2+ Kc5 57. Rd5+ Kc6 58. Rd3 Rf1 59. Kd4 f4 60. Ke4 fxg3 61. Rxg3 Rf5 62. Rg5 Rf1 63. h5 gxh5 64. Rxh5 1/2-1/2

[Event "Voronezh op-B 23rd"]
[Site "Voronezh"]
[Date "2019.06.15"]
[Round "4"]
[White "Vlasova, Olesia"]
[Black "Stepanyan, Eva"]
[Result "0-1"]
[WhiteElo "1690"]
[BlackElo "1913"]
[PlyCount "88"]
[EventDate "2019.06.12"]
[EventType "swiss"]
[EventRounds "9"]
[EventCountry "RUS"]
[SourceTitle "EXT 2020"]
[Source "ChessBase"]
[SourceDate "2019.10.17"]
[SourceVersion "1"]
[SourceVersionDate "2019.10.17"]
[SourceQuality "1"]

1. Nf3 d5 2. g3 Nf6 3. Bg2 Bg4 4. c4 Bxf3 5. Bxf3 e6 6. Qb3 b6 7. 0-0 c6 8. d4 Bd6 9. Nc3 Nbd7 10. e4 dxe4 11. Nxe4 Nxe4 12. Bxe4 Qc7 13. Qf3 Rc8 14. Qg4 Bf8 15. Bf4 Nf6 16. Qe2 Bd6 17. Bxd6 Qxd6 18. Rfd1 Nxe4 19. Qxe4 0-0 20. Rd2 Qb4 21. Qc2 Rfd8 22. a3 Qe7 23. Rad1 h6 24. Qe4 Qf6 25. b4 Rd6 26. Qe3 Rcd8 27. Kg2 R8d7 28. c5 Rd5 29. f4 b5 30. Rd3 Qd8 31. Kf2 a5 32. Kg2 axb4 33. axb4 Ra7 34. Qc1 Qa8 35. Qc3 Ra4 36. Rb1 Rd7 37. Rdd1 Rda7 38. Rb3 Ra2+ 39. Rd2 Ra1 40. Rdb2 Qd8 41. Rb1 Qd5+ 42. Qf3 R7a2+ 43. R1b2 Rxb2+ 44. Rxb2 Rg1+ 0-1

[Event "Voronezh op-B 23rd"]
[Site "Voronezh"]
[Date "2019.06.14"]
[Round "3"]
[White "Stepanyan, Eva"]
[Black "Perelygin, Evgeny"]
[Result "1-0"]
[WhiteElo "1913"]
[BlackElo "1585"]
[PlyCount "111"]
[EventDate "2019.06.12"]
[EventType "swiss"]
[EventRounds "9"]
[EventCountry "RUS"]
[SourceTitle "EXT 2020"]
[Source "ChessBase"]
[SourceDate "2019.10.17"]
[SourceVersion "1"]
[SourceVersionDate "2019.10.17"]
[SourceQuality "1"]

1. e4 c5 2. Nf3 Nc6 3. d4 cxd4 4. Nxd4 e6 5. Nc3 a6 6. Be3 g6 7. Nxc6 bxc6 8. Bd4 Nf6 9. e5 Nd5 10. Nxd5 cxd5 11. Be2 Bg7 12. 0-0 0-0 13. Qd2 d6 14. f4 Qc7 15. Qc3 Qxc3 16. Bxc3 dxe5 17. fxe5 Rd8 18. Bd4 Bd7 19. Rf3 Bb5 20. Bxb5 axb5 21. Rb3 Ra4 22. Rd1 Rb8 23. a3 Rc4 24. Bc3 Bf8 25. Rd2 Rf4 26. Bd4 Kg7 27. g3 Re4 28. Kg2 h5 29. Rc3 Ra8 30. Rc7 b4 31. axb4 Bxb4 32. c3 Ba5 33. Rb7 Rf8 34. Rf2 h4 35. Bc5 Rc8 36. Rbxf7+ Kh6 37. Bf8+ Rxf8 38. Rxf8 hxg3 39. hxg3 Rxe5 40. Kf3 Re1 41. Rb8 Bc7 42. Rb7 Bd6 43. Re2 Rxe2 44. Kxe2 Bxg3 45. Re7 e5 46. Rd7 d4 47. cxd4 exd4 48. Rxd4 Be5 49. Rd2 g5 50. b4 g4 51. b5 Bc7 52. b6 Bxb6 53. Rd6+ Kg5 54. Rxb6 Kf4 55. Kf2 g3+ 56. Kg2 1-0

[Event "Somov Memorial 17th"]
[Site "Kirishi"]
[Date "2019.05.21"]
[Round "9"]
[White "Stepanyan, Eva"]
[Black "Kuznetsov, Dmitriy A"]
[Result "1-0"]
[WhiteElo "2025"]
[BlackElo "1515"]
[PlyCount "97"]
[EventDate "2019.05.16"]
[EventType "tourn"]
[EventRounds "11"]
[EventCountry "RUS"]
[SourceTitle "CBM 190 Extra"]
[Source "ChessBase"]
[SourceDate "2019.07.15"]
[SourceVersion "1"]
[SourceVersionDate "2019.07.15"]
[SourceQuality "1"]

1. e4 c6 2. d4 d5 3. Nc3 dxe4 4. Nxe4 Bf5 5. Ng3 Bg6 6. h4 h6 7. Nf3 Nd7 8. h5 Bh7 9. Bd3 Bxd3 10. Qxd3 e6 11. Bd2 Ngf6 12. 0-0-0 Be7 13. Kb1 Qb6 14. c4 0-0 15. Qc2 Rfd8 16. Bf4 Nf8 17. Rhe1 c5 18. Nf5 exf5 19. Rxe7 Ne6 20. Be5 Kf8 21. dxc5 Qxc5 22. Bxf6 Rxd1+ 23. Qxd1 gxf6 24. Rxb7 Qxc4 25. Rd7 Qg4 26. Qd6+ Kg8 27. Qe7 Qxh5 28. a3 Rf8 29. Qxf6 Qh1+ 30. Ka2 Nc5 31. Rd4 Ne6 32. Rh4 Qxg2 33. Qxf5 Qg6 34. Rg4 Ng5 35. Qxg6+ fxg6 36. Nxg5 hxg5 37. Rxg5 Rf6 38. a4 Kf7 39. Re5 a6 40. Re2 Rf3 41. b4 Rf5 42. Kb3 Kf6 43. Kc4 Kg5 44. b5 Kg4 45. b6 Rf8 46. Kc5 Kf3 47. Rb2 Ke4 48. b7 Rb8 49. Kc6 1-0

[Event "Somov Memorial 17th"]
[Site "Kirishi"]
[Date "2019.05.17"]
[Round "3"]
[White "Stepanyan, Eva"]
[Black "Piliposyan, Robert"]
[Result "1/2-1/2"]
[WhiteElo "2025"]
[BlackElo "2257"]
[PlyCount "74"]
[EventDate "2019.05.16"]
[EventType "tourn"]
[EventRounds "11"]
[EventCountry "RUS"]
[SourceTitle "CBM 190 Extra"]
[Source "ChessBase"]
[SourceDate "2019.07.15"]
[SourceVersion "1"]
[SourceVersionDate "2019.07.15"]
[SourceQuality "1"]

1. e4 c6 2. d4 d5 3. Nc3 dxe4 4. Nxe4 Nf6 5. Nxf6+ exf6 6. c3 Bd6 7. Bd3 0-0 8. Ne2 Qc7 9. Qc2 h6 10. h3 Re8 11. 0-0 Nd7 12. Be3 Nf8 13. c4 Ne6 14. Rac1 Nf4 15. Nxf4 Bxf4 16. Rfe1 Be6 17. Bf5 Rad8 18. Rcd1 Bxe3 19. fxe3 Qg3 20. Bxe6 Rxe6 21. Qf2 Qg6 22. d5 cxd5 23. cxd5 Re5 24. d6 f5 25. d7 Qc6 26. Qf4 Rc5 27. Rd6 Qe4 28. Rd2 Qc6 29. Red1 Rc2 30. Rxc2 Qxc2 31. Qd4 b6 32. Kh1 Kh7 33. a3 Kg8 34. Kh2 Qc7+ 35. Kh1 Qc2 36. Kh2 Qc7+ 37. Kh1 Qc2 1/2-1/2

[Event "Pleven Young Talents (Women)"]
[Site "Pleven"]
[Date "2019.03.24"]
[Round "3"]
[White "Yurasova, Daria"]
[Black "Stepanyan, Eva"]
[Result "1-0"]
[WhiteElo "2158"]
[BlackElo "2085"]
[PlyCount "135"]
[EventDate "2019.03.22"]
[EventType "tourn"]
[EventRounds "9"]
[EventCountry "BUL"]
[SourceTitle "CBM 189 Extra"]
[Source "ChessBase"]
[SourceDate "2019.06.03"]
[SourceVersion "1"]
[SourceVersionDate "2019.06.03"]
[SourceQuality "1"]

1. d4 Nf6 2. c4 e6 3. g3 d5 4. Nf3 Bb4+ 5. Bd2 Bd6 6. Nc3 0-0 7. Bg2 c6 8. Qc2 dxc4 9. e4 Bc7 10. e5 Nd5 11. Ne4 b5 12. Neg5 f5 13. exf6 Nxf6 14. 0-0 h6 15. Ne4 Nbd7 16. Bb4 Re8 17. Nd6 Bxd6 18. Bxd6 Bb7 19. Ne5 Nb6 20. Bc5 Na4 21. Qg6 Nxc5 22. Qf7+ Kh7 23. dxc5 Qe7 24. Qg6+ Kg8 25. Rad1 Red8 26. Rd6 Rxd6 27. cxd6 Qe8 28. Qxe8+ Nxe8 29. Nxc6 Nxd6 30. Rd1 Bxc6 31. Bxc6 Rd8 32. Bxb5 Rb8 33. Bd7 Rb6 34. Bxe6+ Kf8 35. Rd4 a6 36. Bh3 Ke7 37. Rd2 Nf7 38. Rc2 Ne5 39. Bf1 Nd3 40. Rxc4 Nxb2 41. Rc7+ Kf6 42. Ra7 Na4 43. Rxa6 Rxa6 44. Bxa6 Nc3 45. Bc4 Na4 46. Kf1 g5 47. Ke2 g4 48. Ke3 Ke5 49. Bb5 Nc3 50. a4 Nd1+ 51. Ke2 Nc3+ 52. Kd2 Ne4+ 53. Ke3 Nd6 54. Bd7 h5 55. Bc6 Nc4+ 56. Kd3 Nb2+ 57. Kc2 Nc4 58. Kd3 Nb2+ 59. Ke2 Nc4 60. Be8 Nd6 61. Bxh5 Kf5 62. a5 Kg5 63. a6 Nb5 64. Be8 Na7 65. Bd7 Kh5 66. Ke3 Kg5 67. Kd4 Kh5 68. Kc5 1-0

[Event "Belgrade ChessAmateur op 5th"]
[Site "Belgrade"]
[Date "2019.01.05"]
[Round "3"]
[White "Martic, Zlatko"]
[Black "Stepanyan, Eva"]
[Result "1-0"]
[WhiteElo "2248"]
[BlackElo "2147"]
[PlyCount "159"]
[EventDate "2019.01.04"]
[EventType "swiss"]
[EventRounds "9"]
[EventCountry "SRB"]
[SourceTitle "CBM 188 Extra"]
[Source "ChessBase"]
[SourceDate "2019.02.26"]
[SourceVersion "1"]
[SourceVersionDate "2019.02.26"]
[SourceQuality "1"]

1. d4 Nf6 2. Bg5 e6 3. Nd2 d5 4. e3 Be7 5. Bd3 b6 6. Qe2 Bb7 7. f4 Ne4 8. Bxe7 Qxe7 9. Ngf3 Nd7 10. 0-0 0-0 11. c3 c5 12. Rad1 Rad8 13. Ne5 f6 14. Nxd7 Rxd7 15. Bb5 Rdd8 16. Nxe4 dxe4 17. Bc4 cxd4 18. cxd4 Bd5 19. Rc1 Rc8 20. Rc3 Rc7 21. Rfc1 Bxc4 22. Rxc4 Rfc8 23. R1c3 f5 24. b4 Qd7 25. Qc2 Rxc4 26. Rxc4 Rxc4 27. Qxc4 Kf7 28. h3 Qa4 29. Kh2 Qa3 30. d5 exd5 31. Qxd5+ Ke7 32. Qe5+ Kd8 33. Qxf5 Qxe3 34. Qf8+ Kd7 35. Qxg7+ Kc6 36. Qe5 Qd3 37. f5 e3 38. f6 Qf1 39. b5+ Kd7 40. Qd5+ Kc7 41. Qc6+ Kb8 42. Qe8+ Kc7 43. Qe7+ Kc8 44. Qe8+ Kc7 45. Qxe3 Qxf6 46. Qg3+ Kd7 47. Qd3+ Kc8 48. Qc4+ Kb7 49. Qe4+ Kb8 50. h4 Qd6+ 51. g3 Qd2+ 52. Kh3 Qd7+ 53. Qg4 Qd5 54. Qf4+ Kb7 55. a4 h5 56. Kh2 Qa2+ 57. Kg1 Qa1+ 58. Kf2 Qa2+ 59. Kf3 Qb3+ 60. Qe3 Qd1+ 61. Kf4 Qg4+ 62. Ke5 Qg7+ 63. Kf5 Qg4+ 64. Kf6 Qxa4 65. Qf3+ Kc8 66. Qxh5 Qd4+ 67. Qe5 Qd8+ 68. Kg6 Qg8+ 69. Kf5 Qf7+ 70. Kg4 Qc4+ 71. Qf4 Qxb5 72. Qf5+ Qxf5+ 73. Kxf5 Kd7 74. h5 Ke7 75. h6 Kf8 76. Kg6 Kg8 77. g4 a5 78. g5 a4 79. h7+ Kh8 80. Kh6 1-0

[Event "Wch U14 Girls"]
[Site "Porto Carras"]
[Date "2018.10.30"]
[Round "11.3"]
[White "Stepanyan, Eva"]
[Black "Garifullina, Leya"]
[Result "1/2-1/2"]
[WhiteElo "1981"]
[BlackElo "2106"]
[PlyCount "144"]
[EventDate "2018.10.20"]
[EventType "swiss"]
[EventRounds "11"]
[EventCountry "GRE"]
[SourceTitle "CBM 187 Extra"]
[Source "ChessBase"]
[SourceDate "2018.11.04"]
[SourceVersion "1"]
[SourceVersionDate "2018.11.04"]
[SourceQuality "1"]

1. e4 e5 2. Nf3 Nc6 3. Bb5 a6 4. Ba4 Nf6 5. 0-0 b5 6. Bb3 Be7 7. Re1 d6 8. c3 0-0 9. h3 Nb8 10. d4 Nbd7 11. Nbd2 Bb7 12. a4 c5 13. Bc2 Re8 14. dxe5 dxe5 15. b3 Qc7 16. Qe2 Bc6 17. Bb2 Bf8 18. Nf1 Qb7 19. Rab1 Nh5 20. g3 g6 21. N3d2 Ng7 22. Ne3 Ne6 23. Nd5 Ng5 24. axb5 axb5 25. Nf3 Nxe4 26. Bxe4 Bxd5 27. Bxd5 Qxd5 28. Qxb5 Rab8 29. Qa4 Qxf3 30. Qxd7 Red8 31. Qa4 Rd2 32. Rf1 e4 33. Bc1 Re2 34. Rb2 Rd8 35. Rxe2 Qxe2 36. Be3 Qf3 37. b4 cxb4 38. cxb4 Rd3 39. Re1 h5 40. Qe8 Kg7 41. Qe5+ Kh7 42. Bd4 f6 43. Qxf6 Qxf6 44. Bxf6 Bxb4 45. Rxe4 Bf8 46. Re8 Kg8 47. Be7 Kf7 48. Rxf8+ Kxe7 49. Rf4 Ra3 50. Kg2 Rb3 51. g4 hxg4 52. hxg4 Ra3 53. Rf3 Ra5 54. Kg3 Rb5 55. Kh4 Ra5 56. g5 Ra4+ 57. Kg3 Ra6 58. Kg4 Rb6 59. Ra3 Rb4+ 60. f4 Kf7 61. Ra7+ Kg8 62. Rd7 Rb3 63. Re7 Ra3 64. Re4 Rb3 65. f5 gxf5+ 66. Kxf5 Rb6 67. Re5 Ra6 68. g6 Ra1 69. Kf6 Rf1+ 70. Rf5 Rxf5+ 71. Kxf5 Kg7 72. Kg5 Kg8 1/2-1/2

[Event "Wch U14 Girls"]
[Site "Porto Carras"]
[Date "2018.10.27"]
[Round "8"]
[White "Stepanyan, Eva"]
[Black "Jyothsna, L."]
[Result "1/2-1/2"]
[WhiteElo "1981"]
[BlackElo "2060"]
[PlyCount "82"]
[EventDate "2018.10.20"]
[EventType "swiss"]
[EventRounds "11"]
[EventCountry "GRE"]
[SourceTitle "CBM 187 Extra"]
[Source "ChessBase"]
[SourceDate "2018.11.04"]
[SourceVersion "1"]
[SourceVersionDate "2018.11.04"]
[SourceQuality "1"]

1. e4 e6 2. d4 d5 3. Nd2 Nf6 4. e5 Nfd7 5. Bd3 c5 6. c3 Nc6 7. Ne2 cxd4 8. cxd4 f6 9. exf6 Nxf6 10. Nf3 Bd6 11. 0-0 Qc7 12. h3 0-0 13. Be3 Bd7 14. Re1 Rae8 15. Nc3 a6 16. Rc1 Qb8 17. Qd2 Re7 18. a3 Be8 19. Qc2 Bf4 20. Bxf4 Qxf4 21. Ne2 Qb8 22. Ng3 Qf4 23. Rcd1 Kh8 24. Re3 Nh5 25. Nxh5 Bxh5 26. Rde1 Bxf3 27. Rxf3 Qb8 28. Rxf8+ Qxf8 29. Bxh7 Nxd4 30. Qd1 Nf3+ 31. gxf3 Kxh7 32. Qd3+ g6 33. Qd4 Qg7 34. Qh4+ Kg8 35. Rc1 Rf7 36. Qg4 Qf6 37. Re1 Qxf3 38. Qxf3 Rxf3 39. Rxe6 Rxh3 40. Rxg6+ Kf8 41. Rd6 Rb3 1/2-1/2